Statystyki dla Wiedza ogólna

Kliknij tutaj aby rozwiązać quiz!

Ogólne statystyki

  • Ten quiz został rozwiązany 25,646 razy
    (25,632 od ostatniego zresetowania)
  • Średni wynik to 11 z 15

Statystyki odpowiedzi

Hint Answer % Correct
Ulubione jedzenie Kubusia PuchatkaMiód
97%
Państwo graniczące z PortugaliąHiszpania
97%
Pierwszy król PolskiBolesław Chrobry
94%
Zimowa stolica PolskiZakopane
93%
Długość kadencji polskiego Prezydenta5 lat
93%
Ostatnia planeta układu słonecznegoNeptun
87%
Województwo słynące z jeziorWarmińsko Mazurskie
81%
Kolor nadzieiZielony
81%
Stolica ŁotwyRyga
78%
Dowódca pingwinów z MadagaskaruSkipper
74%
Śpiewa: "Pszczółka Maja"Zbigniew Wodecki
72%
Najdłuższa europejska rzekaWołga
65%
Twórca filmu "Katyń"Andrzej Wajda
52%
Mistrz Świata w kolarstwie 2014Michał Kwiatkowski
37%
Miejsce Igrzysk Olimpijskich w 1998Nagano
16%

Rozkład punktacji

Percentyl według liczby udzielonych odpowiedzi

Procent ludzi z każdym wynikiem

Twoja historia wyników

Nie rozwiązałeś tego quizu od ostatniego zresetowania